| 000 | 01217nam a2200325 a 4500 | ||
|---|---|---|---|
| 001 | 000000583 | ||
| 003 | DO-SdBPM | ||
| 005 | 20250912130046.0 | ||
| 007 | ta | ||
| 008 | 081212s2002 dr r 000 0 spa d | ||
| 020 | _a9993461393 | ||
| 040 |
_aDO-SdBPM _bspa _cBPMSU _drda |
||
| 082 | 4 |
_a155.672 _bA185v 2002 _222 |
|
| 100 | 1 | _aAcosta, Pedro | |
| 245 | 1 | 0 |
_aVisualizando un futuro : _bcurso de preparación para el retiro / _cPedro Acosta ; prólogo Vicente Vargas. |
| 260 |
_a _b |
||
| 264 |
_aSanto Domingo : _bEditora Búho, _c2002. |
||
| 300 |
_a96 páginas ; _c22 cm. |
||
| 336 |
_atexto _btxt _2rdacontent |
||
| 337 |
_asin mediación _bn _2rdamedia |
||
| 338 |
_avolumen _bnc _2rdacarrier |
||
| 505 | 0 |
_tAgradecimiento -- _tPrólogo / _rVicente Vargas -- _tIntroducción -- _tUna experiencia personal -- _tInducción a la Tercera Edad -- _tFamilia y sociedad -- _tTiempo y dinero -- _tSalud y bienestar -- _tConclusiones y recomendaciones. |
|
| 590 | _aInventariado, 2025/VM | ||
| 650 | 7 |
_aJubilación _xAspectos psicológicos |
|
| 650 | 7 |
_avejez _xAspectos sociales |
|
| 650 | 7 | _aSalud mental | |
| 700 | 1 |
_aVargas, Vicente, _eprólogo |
|
| 910 | _aVMateo V. Control de calidad. BPMSU | ||
| 942 |
_2ddc _cBK |
||
| 999 |
_c15389 _d15389 |
||